Chuỗi và phương trình vi phân

Sách gồm 2 chương giới thiệu về khái niệm chung về chỗi số, chuỗi hàm; Trình bày các phương pháp giải phương trình vi phân cấp một, phương trình vi phân cấp hai và hệ phương trình vi phân cấp một thường gặp trong các bài toán kỹ thuật...

Descripción completa

Guardado en:
Detalles Bibliográficos
Autor principal: Nguyễn, Đinh Bình
Formato: Libro
Lenguaje:Undetermined
Publicado: Hà Nội Khoa học và Kỹ thuật 2008
Materias:
Etiquetas: Agregar Etiqueta
Sin Etiquetas, Sea el primero en etiquetar este registro!
Thư viện lưu trữ: Trung tâm Học liệu Trường Đại học Cần Thơ
LEADER 00963nam a2200205Ia 4500
001 CTU_142108
008 210402s9999 xx 000 0 und d
020 |c 54000 
082 |a 515.243 
082 |b B312 
100 |a Nguyễn, Đinh Bình 
245 0 |a Chuỗi và phương trình vi phân 
245 0 |c Nguyễn Đình Bình, Lê Trọng Vinh 
260 |a Hà Nội 
260 |b Khoa học và Kỹ thuật 
260 |c 2008 
520 |a Sách gồm 2 chương giới thiệu về khái niệm chung về chỗi số, chuỗi hàm; Trình bày các phương pháp giải phương trình vi phân cấp một, phương trình vi phân cấp hai và hệ phương trình vi phân cấp một thường gặp trong các bài toán kỹ thuật. 
650 |a Differential equations,Series 
904 |i Giang 
980 |a Trung tâm Học liệu Trường Đại học Cần Thơ